| 000 | 00683nac a22001811u 4500 | ||
|---|---|---|---|
| 008 | 080901s1970 ua|||||r||| 001 0 ara d | ||
| 082 |
_a182 _bك ر م _222 |
||
| 245 |
_aتاريخ الفلسفة اليونانية/ _cتأليف يوسف كرم |
||
| 250 | _aط5 | ||
| 260 |
_aالقاهرة: _bمطبع لجنة التأليف والترجمة والنشر، 1970 _c1970. |
||
| 300 |
_a314 ؛ص _c24 سم |
||
| 500 | _aيحتوى على كشاف بالأعلام | ||
| 504 | _aببليوجرافية: ص305-308 | ||
| 511 | _aCatalogued by: Sara | ||
| 541 |
_aالف باء ؛ _cشراء ؛ |
||
| 650 |
_aالفلسفة الرواقية _9313 |
||
| 942 |
_cBB _k182 ك ر م _2ddc |
||
| 999 |
_c5909 _d5909 |
||